| 000 | 00000nas 2200000za 4500 |
| 001 | 9.862488 |
| 003 | CaOODSP |
| 005 | 20221107161030 |
| 007 | cr ||||||||||| |
| 008 | 180927d19301948oncar p oss f000#a0eng|d |
| 040 | |aCaOODSP|beng |
| 043 | |an-cn--- |
| 086 | 1 |aCS63-D-30E-PDF|z63-D-30 |
| 245 | 00|aVariety-store chains in Canada |h[electronic resource]. |
| 246 | 13|aVariety store chains in Canada |f1936-1940, 1943-1947 |
| 246 | 13|aVariety store chains |f1941, 1948 |
| 260 | |aOttawa : |bDominion Bureau of Statistics, Census of Merchandising and Service Establishments, |c1934-[1949?]. |
| 300 | |a16 v. |
| 310 | |aAnnual |
| 362 | 0 |a1930-1948. |
| 500 | |aSome issues called Preliminary. |
| 500 | |aIssue for 1948 published in the series: D.B.S. memorandum. |
| 500 | |aDigitized edition from print [produced by Statistics Canada]. |
| 515 | |aIssues for 1932 and 1942 not published. |
| 550 | |aIssued 1947 by Merchandising and Services Statistics; 1948 by Dominion Bureau of Statistics. |
| 580 | |aMerged with: Retail chains in Canada; Retail food store chains; and Drug store chains in Canada, to become: Retail chain stores. |
| 692 | 07|2gccst|aRetail trade |
| 710 | 1 |aCanada. |bDominion Bureau of Statistics. |bCensus of Merchandising and Service Establishments. |
| 710 | 1 |aCanada. |bDominion Bureau of Statistics. |bMerchandising and Services Statistics. |
| 785 | 00|tRetail chain stores |w(CaOODSP)9.862469 |